| 000 | 00726nam a2200229 a 4500 | ||
|---|---|---|---|
| 001 | 68174 | ||
| 003 | BD-RjUL | ||
| 005 | 20211209081735.0 | ||
| 008 | 170404m19621961enka 000 0 eng d | ||
| 035 | _a(BD-RjUL)68384 | ||
| 040 |
_aDLC _cCarP _dDLC _beng |
||
| 041 | _aeng | ||
| 082 |
_a621.3 _bMOC 1962 _223 |
||
| 100 | 1 |
_aMonk, Sidney Gordon _940716 |
|
| 245 | 0 | 0 |
_aClassified examples in electrical engineering / _cSidney Gordon Monk _nV-2 |
| 250 | _a7th ed. | ||
| 260 |
_aLondon : _bSir I. Pitman & sons, ltd., _c1961 [reprinting 1962] |
||
| 300 |
_aV. : _bill. ; _c19 cm. |
||
| 505 | 0 | _aVol. 2. Higher National Certificates -- | |
| 650 | 0 |
_aElectrical engineering _vExaminations, questions, etc. _940717 |
|
| 942 |
_2ddc _cBK |
||
| 999 |
_c68174 _d68174 |
||